000 00643nam a2200229 a 4500
001 BRCA_7568
005 20190320205906.0
008 070613s1963----mx-a######---#000-0#spa-#
041 _aspa
044 _amx
050 4 _aN6553
_b.R65 1963
100 1 _aRojas, Pedro
_91937
245 1 0 _aHistoria general del arte mexicano
_bépoca colonial
_cpor Pedro Rojas.
260 _aMéxico
_bHermes
_c1963
300 _a240 p.
_bil. a color, 179 láminas
_c28 cm.
500 _aS49
504 _aBibliografía p. 231-234
650 1 4 _aArte mexicano
_vHistoria
_918669
650 1 4 _aArte colonial
_zMéxico
_918670
902 _aGFM
942 _2lcc
_cB
999 _c7242
_d7242